Anarchy, order and power in world politics: a comparative analysis (Record no. 9933)

MARC details
000 -LEADER
fixed length control field 00457nam a2200169Ia 4500
020 ## - INTERNATIONAL STANDARD BOOK NUMBER
ISBN 075461820X
082 ## - DEWEY DECIMAL CLASSIFICATION NUMBER
Classification number 320.57 ADE-A
100 ## - MAIN ENTRY--AUTHOR NAME
Personal name Adem, Seifudein
245 #0 - TITLE STATEMENT
Title Anarchy, order and power in world politics: a comparative analysis
260 ## - PUBLICATION, DISTRIBUTION, ETC. (IMPRINT)
Place of publication Aldershot
Name of publisher Ashgate Publishing
Year of publication 2002
300 ## - PHYSICAL DESCRIPTION
Number of Pages ix,182
504 ## - BIBLIOGRAPHY, ETC. NOTE
Bibliography, etc includes bibliography
650 ## - SUBJECT ADDED ENTRY--TOPICAL TERM
Topical Term World politics
650 ## - SUBJECT ADDED ENTRY--TOPICAL TERM
Topical Term Anarchism
650 ## - SUBJECT ADDED ENTRY--TOPICAL TERM
Topical Term Power
Form subdivision Social sciences
942 ## - ADDED ENTRY ELEMENTS (KOHA)
Koha item type Books
Source of classification or shelving scheme Dewey Decimal Classification
Holdings
Withdrawn status Lost status Damaged status Not for loan Collection code Home library Current library Date acquired Bill Date Full call number Accession Number Price effective from Koha item type
        Docas Books NASSDOC Library NASSDOC Library 15/09/2016 2004-10-22 320.57 ADE-A D002005 18/04/2019 Books